Statistics for How Fast Can You Smash Your Keyboard?

Click here to take the quiz!

General Stats

  • This quiz has been taken 256 times
  • The average score is 3135 of 5000

Answer Stats

Go!% Correct
2
98%
3
98%
4
98%
5
98%
6
98%
1
97%
14
97%
15
97%
16
97%
17
97%
18
97%
19
97%
20
97%
21
97%
23
97%
24
97%
25
97%
7
97%
8
97%
9
97%
10
96%
11
96%
12
96%
13
96%
22
96%
26
96%
27
96%
28
96%
29
96%
30
96%
31
96%
32
95%
33
95%
34
95%
35
95%
36
95%
37
95%
38
95%
39
94%
40
94%
41
94%
42
94%
43
94%
44
94%
45
94%
46
94%
47
94%
48
94%
49
93%
50
93%
51
93%
52
93%
53
93%
54
92%
55
92%
56
92%
57
92%
58
92%
59
92%
60
92%
61
92%
62
92%
63
92%
64
92%
65
92%
66
92%
67
92%
68
92%
69
92%
70
92%
71
92%
72
92%
73
92%
74
92%
75
92%
76
92%
77
92%
78
92%
79
92%
80
92%
81
92%
82
92%
83
92%
100
91%
101
91%
102
91%
103
91%
104
91%
105
91%
106
91%
107
91%
108
91%
109
91%
110
91%
111
91%
112
91%
113
91%
114
91%
115
91%
116
91%
117
91%
118
91%
119
91%
120
91%
84
91%
85
91%
86
91%
87
91%
88
91%
89
91%
90
91%
91
91%
92
91%
93
91%
94
91%
95
91%
96
91%
97
91%
98
91%
99
91%
121
90%
122
89%
123
89%
124
89%
125
89%
126
89%
127
89%
128
89%
129
89%
130
89%
131
89%
132
89%
133
89%
134
89%
135
89%
136
89%
137
89%
138
89%
139
89%
140
89%
141
89%
142
89%
143
89%
144
89%
145
89%
146
89%
147
89%
148
89%
149
89%
150
89%
151
89%
152
89%
153
89%
154
89%
155
89%
156
89%
157
89%
158
89%
159
89%
160
89%
161
89%
162
89%
163
89%
164
89%
165
89%
166
89%
167
89%
168
89%
169
89%
170
89%
171
89%
172
88%
173
88%
174
88%
175
88%
176
88%
177
88%
178
88%
179
88%
180
88%
181
88%
182
88%
183
88%
184
88%
185
88%
186
88%
187
88%
188
88%
189
88%
190
88%
191
88%
192
88%
193
88%
194
88%
195
88%
196
88%
197
88%
198
88%
199
88%
200
88%
201
88%
202
88%
203
88%
204
88%
205
88%
206
88%
207
88%
208
88%
209
88%
210
88%
211
88%
212
88%
213
88%
214
88%
215
88%
216
88%
217
88%
218
88%
219
88%
220
88%
221
87%
222
87%
223
87%
224
87%
225
87%
226
87%
227
87%
228
87%
229
87%
230
87%
231
87%
232
87%
233
87%
234
87%
235
86%
236
86%
237
86%
238
86%
239
86%
240
86%
241
86%
242
86%
243
86%
244
86%
245
86%
246
86%
247
86%
248
86%
249
86%
250
86%
251
86%
252
86%
253
86%
254
86%
255
86%
256
86%
257
85%
258
85%
259
85%
260
85%
261
85%
262
85%
263
85%
264
85%
265
85%
266
85%
267
85%
268
85%
269
85%
270
85%
271
85%
272
85%
273
85%
274
85%
275
85%
276
85%
277
85%
278
85%
279
85%
280
85%
281
85%
282
85%
283
85%
284
85%
286
85%
287
85%
288
85%
289
85%
290
85%
291
85%
292
85%
293
85%
294
85%
295
85%
296
85%
297
85%
298
85%
299
85%
300
85%
301
85%
302
85%
303
85%
304
85%
305
85%
306
85%
307
85%
308
85%
309
85%
310
85%
285
84%
311
84%
312
84%
313
84%
314
84%
315
84%
316
84%
317
84%
318
84%
319
84%
320
84%
321
84%
322
84%
323
84%
324
84%
325
84%
326
84%
328
84%
329
84%
330
84%
327
83%
331
83%
332
83%
333
83%
334
83%
335
83%
336
83%
337
83%
338
83%
339
83%
340
83%
341
83%
342
83%
343
83%
344
83%
345
83%
346
83%
347
83%
348
83%
349
83%
350
83%
351
83%
352
83%
353
83%
354
83%
355
83%
356
83%
357
83%
358
83%
359
83%
360
83%
361
83%
362
83%
363
83%
364
83%
365
83%
366
83%
367
83%
368
83%
369
83%
370
83%
371
83%
372
83%
373
83%
374
83%
375
83%
376
83%
377
83%
378
83%
379
83%
380
83%
381
83%
382
83%
383
83%
384
83%
385
83%
386
83%
387
83%
388
82%
389
82%
390
82%
391
82%
392
82%
393
82%
394
82%
395
82%
396
82%
397
82%
398
82%
399
82%
400
82%
401
82%
402
82%
403
82%
404
82%
405
82%
406
82%
407
82%
409
82%
410
82%
411
82%
412
82%
413
82%
408
81%
414
81%
415
81%
416
81%
417
81%
418
81%
419
81%
420
81%
421
81%
422
81%
423
81%
424
81%
425
81%
426
81%
427
81%
428
81%
429
81%
430
81%
431
81%
432
81%
433
81%
434
81%
435
81%
436
81%
437
81%
438
81%
439
81%
440
81%
441
81%
442
81%
443
81%
444
81%
445
81%
446
81%
447
81%
448
81%
449
81%
450
80%
451
80%
452
80%
453
80%
454
80%
455
80%
456
80%
457
80%
458
80%
459
80%
460
80%
461
80%
462
80%
463
80%
464
80%
465
80%
466
80%
467
80%
468
80%
502
80%
503
80%
504
80%
505
80%
506
80%
507
80%
508
80%
509
80%
510
80%
511
80%
512
80%
469
79%
470
79%
471
79%
472
79%
473
79%
474
79%
475
79%
476
79%
477
79%
478
79%
479
79%
480
79%
481
79%
482
79%
483
79%
484
79%
485
79%
486
79%
487
79%
488
79%
489
79%
490
79%
491
79%
492
79%
493
79%
494
79%
495
79%
496
79%
497
79%
498
79%
499
79%
500
79%
501
79%
513
79%
514
79%
515
79%
516
79%
517
79%
518
79%
519
79%
520
79%
521
79%
522
79%
523
79%
524
79%
525
79%
526
79%
527
79%
528
79%
529
79%
530
79%
531
79%
532
79%
533
79%
534
79%
535
79%
536
79%
537
79%
538
79%
539
79%
540
79%
541
79%
542
79%
543
79%
544
79%
545
79%
546
79%
547
79%
548
79%
549
79%
550
79%
551
79%
552
79%
553
79%
554
79%
555
79%
556
79%
557
79%
558
79%
559
79%
560
79%
561
79%
562
79%
563
79%
564
79%
565
79%
566
79%
567
79%
568
79%
569
79%
570
79%
571
79%
572
79%
573
79%
574
79%
575
79%
576
79%
577
79%
578
79%
579
79%
580
79%
581
79%
582
79%
583
79%
584
79%
585
79%
586
79%
587
79%
588
79%
589
79%
590
79%
591
79%
592
79%
593
79%
594
79%
595
79%
596
79%
597
79%
598
79%
599
79%
600
79%
601
79%
602
79%
603
79%
604
79%
605
79%
606
79%
607
79%
608
79%
609
79%
610
79%
611
79%
612
79%
613
79%
614
79%
615
79%
616
79%
617
79%
618
79%
619
79%
620
79%
621
79%
622
79%
623
79%
624
79%
625
79%
626
79%
627
79%
628
78%
629
78%
630
78%
631
78%
632
78%
633
78%
634
78%
635
78%
636
78%
637
78%
638
78%
639
78%
640
78%
641
78%
642
78%
643
78%
644
78%
645
78%
646
78%
647
78%
648
78%
649
78%
650
78%
651
78%
652
78%
653
78%
654
78%
655
78%
656
78%
657
78%
658
78%
659
78%
660
78%
661
78%
662
77%
663
77%
664
77%
665
77%
666
77%
667
76%
668
76%
669
76%
670
76%
671
76%
672
76%
673
76%
674
75%
675
75%
676
75%
677
75%
678
75%
679
75%
680
75%
681
75%
682
75%
683
75%
684
75%
685
75%
686
75%
687
75%
688
75%
689
75%
690
75%
691
74%
692
74%
693
74%
694
74%
695
74%
696
74%
697
74%
698
74%
699
74%
700
74%
701
74%
702
74%
703
74%
704
74%
705
74%
706
74%
707
74%
708
74%
709
74%
710
74%
711
74%
712
74%
713
74%
714
74%
715
74%
716
74%
717
74%
718
74%
719
74%
720
74%
721
74%
722
74%
723
74%
724
74%
725
74%
726
74%
727
74%
728
74%
729
74%
730
74%
731
74%
732
74%
733
74%
734
74%
735
74%
736
74%
737
74%
738
74%
739
74%
740
74%
741
74%
742
74%
743
74%
744
74%
745
74%
746
74%
747
74%
749
74%
750
74%
752
74%
753
74%
754
74%
755
74%
756
74%
757
74%
758
74%
759
74%
760
74%
761
74%
762
74%
763
74%
764
74%
765
74%
766
74%
767
74%
768
74%
769
74%
770
74%
771
74%
748
73%
751
73%
772
73%
773
73%
774
73%
775
73%
776
73%
777
73%
778
73%
779
73%
780
73%
781
73%
782
73%
783
73%
784
73%
785
73%
786
73%
787
73%
788
73%
790
73%
791
73%
792
73%
794
73%
795
73%
796
73%
797
73%
798
73%
799
73%
800
73%
801
73%
802
73%
803
73%
804
73%
805
73%
807
73%
808
73%
809
73%
810
73%
811
73%
812
73%
813
73%
814
73%
789
72%
793
72%
806
72%
815
72%
816
72%
817
72%
818
72%
819
72%
820
72%
821
72%
822
72%
823
72%
824
72%
825
72%
826
72%
827
72%
828
72%
829
72%
830
72%
831
72%
832
72%
833
72%
834
72%
835
72%
836
72%
837
72%
838
72%
839
72%
840
72%
841
72%
842
72%
843
72%
844
72%
845
72%
846
72%
847
72%
848
72%
849
72%
850
71%
851
71%
852
71%
853
71%
854
71%
855
71%
856
71%
857
71%
858
71%
859
71%
860
71%
861
71%
862
71%
863
71%
864
71%
866
71%
867
71%
868
71%
869
71%
870
71%
871
71%
872
71%
873
71%
874
71%
875
71%
876
71%
877
71%
878
71%
879
71%
880
71%
881
71%
882
71%
883
71%
884
71%
885
71%
886
71%
887
71%
888
71%
889
71%
890
71%
891
71%
892
71%
893
71%
894
71%
895
71%
896
71%
897
71%
898
71%
899
71%
900
71%
901
71%
902
71%
903
71%
904
71%
905
71%
906
71%
907
71%
908
71%
909
71%
910
71%
911
71%
912
71%
913
71%
914
71%
916
71%
917
71%
1000
70%
1003
70%
1004
70%
1005
70%
1006
70%
1007
70%
1008
70%
1010
70%
1011
70%
1012
70%
1013
70%
1014
70%
1015
70%
1016
70%
1017
70%
1018
70%
1019
70%
1020
70%
1021
70%
1022
70%
1023
70%
1024
70%
1025
70%
1026
70%
1027
70%
1028
70%
1029
70%
1031
70%
1032
70%
1033
70%
1034
70%
1035
70%
1036
70%
1037
70%
1038
70%
1039
70%
865
70%
915
70%
918
70%
919
70%
921
70%
922
70%
923
70%
924
70%
925
70%
926
70%
928
70%
929
70%
930
70%
931
70%
932
70%
933
70%
934
70%
935
70%
936
70%
938
70%
939
70%
940
70%
941
70%
942
70%
944
70%
945
70%
946
70%
947
70%
948
70%
949
70%
950
70%
951
70%
952
70%
953
70%
954
70%
955
70%
956
70%
957
70%
958
70%
959
70%
960
70%
961
70%
963
70%
964
70%
965
70%
966
70%
967
70%
968
70%
969
70%
970
70%
972
70%
973
70%
974
70%
975
70%
977
70%
978
70%
979
70%
980
70%
981
70%
982
70%
983
70%
984
70%
985
70%
986
70%
987
70%
988
70%
989
70%
990
70%
991
70%
992
70%
993
70%
994
70%
995
70%
996
70%
997
70%
998
70%
999
70%
1001
69%
1002
69%
1009
69%
1030
69%
1040
69%
1041
69%
1042
69%
1043
69%
1044
69%
1045
69%
1046
69%
1047
69%
1048
69%
1049
69%
1050
69%
1051
69%
1052
69%
1053
69%
1054
69%
1055
69%
1056
69%
1057
69%
1058
69%
1059
69%
1060
69%
1061
69%
1062
69%
1063
69%
1064
69%
1065
69%
1066
69%
1067
69%
1068
69%
1069
69%
1070
69%
1071
69%
1072
69%
1073
69%
1075
69%
1076
69%
1077
69%
1078
69%
1079
69%
1080
69%
1081
69%
1082
69%
1083
69%
1084
69%
1085
69%
1086
69%
1087
69%
1088
69%
1089
69%
1090
69%
1091
69%
1092
69%
1093
69%
1094
69%
1095
69%
1096
69%
1097
69%
920
69%
927
69%
937
69%
943
69%
962
69%
971
69%
976
69%
1074
68%
1098
68%
1099
68%
1100
68%
1101
68%
1102
68%
1103
68%
1104
68%
1105
68%
1106
68%
1107
68%
1108
68%
1109
68%
1110
68%
1111
68%
1112
68%
1113
68%
1114
68%
1115
68%
1116
68%
1117
68%
1118
68%
1119
68%
1120
68%
1121
68%
1122
68%
1123
68%
1124
68%
1125
68%
1126
68%
1127
68%
1128
68%
1129
68%
1130
68%
1131
68%
1132
68%
1133
68%
1134
68%
1135
68%
1136
68%
1137
68%
1138
68%
1139
68%
1140
68%
1141
68%
1142
68%
1143
68%
1144
68%
1145
68%
1146
68%
1147
68%
1148
68%
1149
68%
1150
68%
1151
68%
1152
68%
1153
68%
1154
68%
1155
68%
1156
68%
1157
68%
1158
68%
1159
68%
1160
68%
1161
68%
1162
68%
1163
68%
1164
68%
1165
68%
1166
68%
1167
68%
1168
68%
1169
68%
1170
68%
1171
68%
1172
68%
1173
68%
1174
68%
1175
68%
1176
68%
1177
68%
1178
68%
1179
68%
1180
68%
1181
68%
1182
68%
1183
68%
1184
68%
1185
68%
1186
68%
1187
68%
1188
68%
1189
68%
1190
68%
1191
68%
1192
68%
1193
68%
1194
68%
1195
68%
1196
68%
1197
68%
1198
68%
1199
68%
1200
68%
1201
68%
1202
68%
1203
68%
1204
68%
1205
68%
1206
68%
1207
68%
1208
68%
1209
68%
1210
68%
1211
68%
1212
68%
1213
68%
1214
68%
1215
68%
1216
68%
1217
68%
1218
68%
1219
68%
1220
68%
1221
68%
1222
68%
1223
68%
1224
68%
1225
68%
1226
68%
1227
68%
1228
68%
1229
68%
1230
68%
1231
68%
1232
68%
1233
68%
1234
68%
1235
68%
1236
68%
1237
68%
1238
68%
1239
68%
1240
68%
1241
68%
1242
68%
1243
68%
1244
68%
1245
68%
1246
68%
1247
68%
1248
68%
1249
68%
1250
68%
1251
68%
1252
68%
1253
68%
1254
68%
1255
68%
1256
68%
1257
68%
1258
68%
1259
68%
1260
68%
1261
68%
1262
68%
1263
68%
1264
68%
1265
68%
1266
68%
1267
68%
1268
68%
1269
68%
1270
68%
1271
68%
1272
68%
1273
68%
1274
68%
1275
68%
1276
68%
1277
68%
1278
68%
1279
68%
1280
68%
1281
68%
1282
68%
1283
68%
1284
68%
1285
68%
1286
68%
1287
68%
1288
68%
1289
68%
1290
68%
1291
68%
1292
68%
1293
68%
1294
68%
1295
68%
1296
68%
1297
68%
1298
68%
1299
68%
1300
68%
1301
68%
1302
68%
1303
68%
1304
68%
1305
68%
1307
68%
1308
68%
1309
68%
1310
68%
1311
68%
1312
68%
1313
68%
1314
68%
1315
68%
1316
68%
1317
68%
1318
68%
1319
68%
1320
68%
1321
68%
1322
68%
1323
68%
1324
68%
1325
68%
1326
68%
1327
68%
1328
68%
1329
68%
1330
68%
1331
68%
1332
68%
1333
68%
1306
67%
1334
67%
1335
67%
1336
67%
1337
67%
1338
67%
1339
67%
1340
67%
1341
67%
1342
67%
1343
67%
1344
67%
1345
67%
1346
67%
1347
67%
1348
67%
1349
67%
1350
67%
1351
67%
1352
67%
1353
67%
1354
67%
1355
67%
1356
67%
1357
67%
1358
67%
1359
67%
1360
67%
1361
67%
1362
67%
1363
67%
1364
67%
1365
67%
1366
67%
1367
67%
1368
67%
1369
67%
1370
67%
1371
67%
1372
67%
1373
67%
1374
67%
1375
67%
1376
67%
1377
67%
1378
67%
1379
67%
1380
67%
1381
67%
1382
67%
1383
67%
1384
67%
1385
67%
1386
67%
1419
67%
1420
67%
1422
67%
1423
67%
1424
67%
1425
67%
1426
67%
1427
67%
1428
67%
1429
67%
1430
67%
1431
67%
1432
67%
1433
67%
1434
67%
1435
67%
1436
67%
1437
67%
1438
67%
1439
67%
1440
67%
1441
67%
1442
67%
1443
67%
1444
67%
1445
67%
1446
67%
1447
67%
1448
67%
1449
67%
1450
67%
1451
67%
1452
67%
1453
67%
1454
67%
1455
67%
1456
67%
1457
67%
1458
67%
1459
67%
1460
67%
1461
67%
1462
67%
1463
67%
1464
67%
1465
67%
1466
67%
1467
67%
1468
67%
1469
67%
1470
67%
1471
67%
1472
67%
1473
67%
1474
67%
1475
67%
1476
67%
1501
67%
1502
67%
1503
67%
1505
67%
1506
67%
1507
67%
1508
67%
1509
67%
1510
67%
1511
67%
1513
67%
1514
67%
1515
67%
1516
67%
1517
67%
1518
67%
1519
67%
1520
67%
1521
67%
1522
67%
1523
67%
1524
67%
1525
67%
1526
67%
1527
67%
1528
67%
1529
67%
1530
67%
1531
67%
1532
67%
1533
67%
1534
67%
1535
67%
1536
67%
1537
67%
1539
67%
1540
67%
1541
67%
1542
67%
1543
67%
1544
67%
1545
67%
1546
67%
1547
67%
1548
67%
1549
67%
1550
67%
1551
67%
1552
67%
1553
67%
1387
66%
1388
66%
1389
66%
1390
66%
1391
66%
1392
66%
1393
66%
1394
66%
1395
66%
1396
66%
1397
66%
1398
66%
1399
66%
1400
66%
1401
66%
1402
66%
1403
66%
1404
66%
1405
66%
1406
66%
1407
66%
1408
66%
1409
66%
1410
66%
1411
66%
1412
66%
1413
66%
1414
66%
1415
66%
1416
66%
1417
66%
1418
66%
1421
66%
1477
66%
1478
66%
1479
66%
1480
66%
1481
66%
1482
66%
1483
66%
1484
66%
1485
66%
1486
66%
1487
66%
1488
66%
1489
66%
1490
66%
1491
66%
1492
66%
1493
66%
1494
66%
1495
66%
1496
66%
1497
66%
1498
66%
1499
66%
1500
66%
1504
66%
1512
66%
1538
66%
1554
66%
1555
66%
1556
66%
1557
66%
1558
66%
1559
66%
1560
66%
1561
66%
1562
66%
1563
66%
1564
66%
1565
66%
1566
66%
1567
66%
1568
66%
1569
66%
1570
66%
1571
66%
1572
66%
1573
66%
1574
66%
1575
66%
1576
66%
1577
66%
1578
66%
1579
66%
1580
66%
1581
66%
1582
66%
1583
66%
1584
66%
1585
66%
1586
66%
1587
66%
1588
66%
1589
66%
1590
66%
1591
66%
1592
66%
1593
66%
1594
66%
1595
66%
1596
66%
1597
66%
1598
66%
1599
66%
1600
66%
1601
66%
1602
66%
1603
66%
1604
66%
1605
65%
1606
65%
1607
65%
1608
65%
1609
65%
1610
65%
1611
65%
1612
65%
1613
65%
1614
65%
1615
65%
1616
65%
1617
65%
1618
65%
1619
65%
1620
65%
1621
65%
1622
65%
1623
65%
1624
65%
1625
65%
1626
65%
1627
65%
1628
65%
1629
65%
1630
65%
1631
65%
1632
65%
1633
65%
1634
65%
1635
65%
1636
65%
1637
65%
1638
65%
1639
65%
1640
65%
1641
65%
1642
65%
1643
65%
1644
65%
1645
65%
1646
65%
1647
65%
1648
65%
1649
65%
1650
65%
1651
65%
1652
65%
1653
65%
1654
65%
1655
65%
1656
65%
1657
65%
1658
65%
1659
65%
1660
65%
1661
65%
1662
65%
1663
65%
1664
65%
1665
65%
1666
65%
1667
65%
1668
65%
1669
65%
1670
65%
1671
65%
1672
65%
1673
65%
1674
65%
1675
65%
1676
65%
1677
65%
1678
65%
1679
65%
1680
65%
1681
65%
1682
65%
1683
65%
1684
65%
1685
65%
1686
65%
1687
65%
1688
65%
1689
65%
1690
65%
1691
65%
1692
65%
1693
65%
1694
65%
1695
65%
1696
65%
1697
65%
1698
65%
1699
65%
1700
65%
1701
65%
1702
65%
1703
65%
1704
65%
1705
65%
1706
65%
1707
65%
1708
65%
1709
65%
1710
65%
1711
65%
1712
65%
1713
65%
1714
65%
1715
65%
1716
65%
1717
65%
1718
65%
1719
65%
1720
65%
1721
65%
1722
65%
1723
65%
1724
65%
1725
65%
1726
65%
1727
65%
1728
65%
1729
65%
1730
64%
1731
64%
1732
64%
1733
64%
1734
64%
1735
64%
1736
64%
1737
64%
1738
64%
1739
64%
1740
64%
1741
64%
1742
64%
1743
64%
1744
64%
1745
64%
1746
64%
1747
64%
1748
64%
1749
64%
1750
64%
1751
64%
1752
64%
1753
64%
1754
64%
1755
64%
1756
64%
1757
64%
1758
64%
1759
64%
1760
64%
1761
64%
1762
64%
1763
64%
1764
64%
1765
64%
1766
64%
1767
64%
1768
64%
1769
64%
1770
64%
1771
64%
1772
64%
1773
64%
1774
64%
1775
64%
1776
64%
1777
64%
1778
64%
1779
64%
1780
64%
1781
64%
1782
64%
1783
64%
1784
64%
1785
64%
1786
64%
1787
64%
1788
64%
1789
64%
1790
64%
1791
64%
1792
64%
1793
64%
1794
64%
1795
64%
1796
64%
1797
64%
1798
64%
1799
64%
1800
64%
1801
64%
1802
64%
1803
64%
1804
64%
1805
64%
1806
64%
1807
64%
1808
64%
1809
64%
1810
64%
1811
64%
1812
64%
1813
64%
1814
64%
1815
64%
1816
64%
1817
64%
1818
64%
1819
64%
1820
64%
1821
64%
1822
64%
1823
64%
1824
64%
1825
64%
1826
64%
1827
64%
1828
64%
1829
64%
1830
64%
1831
64%
1832
64%
1833
64%
1834
64%
1835
64%
1836
64%
1837
64%
1838
64%
1839
64%
1840
64%
1841
64%
1842
64%
1843
64%
1844
64%
1845
64%
1846
64%
1847
64%
1848
64%
1849
64%
1850
64%
1851
64%
1852
64%
1853
64%
1854
64%
1855
64%
1856
64%
1857
64%
1858
64%
1859
64%
1860
64%
1861
64%
1862
64%
1863
64%
1864
64%
1865
64%
1866
64%
1867
64%
1868
64%
1869
64%
1870
64%
1871
64%
1872
64%
1873
64%
1874
64%
1875
64%
1876
64%
1877
64%
1878
64%
1879
64%
1880
64%
1881
64%
1882
64%
1883
64%
1884
64%
1885
64%
1886
64%
1887
64%
1888
64%
1889
64%
1890
64%
1891
64%
1892
64%
1893
64%
1894
64%
1895
64%
1896
64%
1897
64%
1898
64%
1899
64%
1900
64%
1901
64%
1902
64%
1903
64%
1904
64%
1905
64%
1906
64%
1907
64%
1908
64%
1909
64%
1910
64%
1911
64%
1912
64%
1913
64%
1914
64%
1915
64%
1916
64%
1917
64%
1918
64%
1919
64%
1920
64%
1921
64%
1922
64%
1923
64%
1924
64%
1925
64%
1926
64%
1927
64%
1928
64%
1929
64%
1930
64%
1931
64%
1932
64%
1933
64%
1934
64%
1935
64%
1936
64%
1937
64%
1938
64%
1939
64%
1940
64%
1941
64%
1942
64%
1943
64%
1944
64%
1945
64%
1946
64%
1947
64%
1948
64%
1949
64%
1950
64%
1951
64%
1952
64%
1953
64%
1954
64%
1955
64%
1956
64%
1957
64%
1958
64%
1959
64%
1960
64%
1961
64%
1962
64%
1963
64%
1964
64%
1965
64%
1966
64%
1967
64%
1968
64%
1969
64%
1970
64%
1971
64%
1972
64%
1973
64%
1974
64%
1975
64%
1976
64%
1977
64%
1978
64%
1979
64%
1980
64%
1981
64%
1982
64%
1983
64%
1984
64%
1985
64%
1986
64%
1987
64%
1988
64%
1989
64%
1990
64%
1991
64%
1992
64%
1993
64%
1994
64%
1995
64%
1996
64%
1997
64%
1998
64%
1999
64%
2000
64%
2001
64%
2002
64%
2003
64%
2004
64%
2005
64%
2006
64%
2007
64%
2008
64%
2009
64%
2010
64%
2011
64%
2012
64%
2013
64%
2014
64%
2015
64%
2016
64%
2017
64%
2018
64%
2019
64%
2020
64%
2021
64%
2022
64%
2023
64%
2024
64%
2025
64%
2026
64%
2027
64%
2028
64%
2029
64%
2030
64%
2031
64%
2032
64%
2033
64%
2034
64%
2035
64%
2036
64%
2037
64%
2038
64%
2039
64%
2040
64%
2041
64%
2042
64%
2043
64%
2044
64%
2045
64%
2046
64%
2047
64%
2048
64%
2049
64%
2050
64%
2051
64%
2052
64%
2053
64%
2054
64%
2055
64%
2056
64%
2057
64%
2058
64%
2059
64%
2060
64%
2061
64%
2062
64%
2063
64%
2064
64%
2065
64%
2066
64%
2067
64%
2068
64%
2069
64%
2070
64%
2071
64%
2072
64%
2073
64%
2074
64%
2075
64%
2076
64%
2077
64%
2078
64%
2079
64%
2080
64%
2081
64%
2082
64%
2083
64%
2084
64%
2085
64%
2086
64%
2087
64%
2088
64%
2089
64%
2090
64%
2091
64%
2092
64%
2093
64%
2094
64%
2095
64%
2096
64%
2097
64%
2098
64%
2099
64%
2100
64%
2101
64%
2102
64%
2103
64%
2104
64%
2105
64%
2106
64%
2107
64%
2108
64%
2109
64%
2110
64%
2111
64%
2112
64%
2113
64%
2114
64%
2115
64%
2116
64%
2117
64%
2118
64%
2119
64%
2120
64%
2121
64%
2122
64%
2123
64%
2124
64%
2125
64%
2126
64%
2127
64%
2128
63%
2129
63%
2130
63%
2131
63%
2132
63%
2133
63%
2134
63%
2135
63%
2136
63%
2137
63%
2138
63%
2139
63%
2140
63%
2141
63%
2142
63%
2143
63%
2144
63%
2145
63%
2146
63%
2147
63%
2148
63%
2149
63%
2150
63%
2151
63%
2152
63%
2153
63%
2154
63%
2155
63%
2156
63%
2157
63%
2158
63%
2159
63%
2160
63%
2161
63%
2162
63%
2163
63%
2164
63%
2165
63%
2167
63%
2168
63%
2169
63%
2170
63%
2171
63%
2172
63%
2173
63%
2175
63%
2176
63%
2177
63%
2178
63%
2179
63%
2180
63%
2181
63%
2182
63%
2183
63%
2184
63%
2185
63%
2186
63%
2187
63%
2188
63%
2189
63%
2190
63%
2191
63%
2192
63%
2193
63%
2195
63%
2196
63%
2197
63%
2198
63%
2199
63%
2200
63%
2201
63%
2202
63%
2203
63%
2204
63%
2205
63%
2206
63%
2208
63%
2209
63%
2210
63%
2211
63%
2212
63%
2213
63%
2214
63%
2215
63%
2216
63%
2217
63%
2218
63%
2219
63%
2220
63%
2221
63%
2222
63%
2223
63%
2224
63%
2225
63%
2226
63%
2227
63%
2228
63%
2229
63%
2230
63%
2231
63%
2232
63%
2233
63%
2234
63%
2235
63%
2236
63%
2237
63%
2238
63%
2239
63%
2240
63%
2241
63%
2242
63%
2243
63%
2244
63%
2166
62%
2174
62%
2194
62%
2207
62%
2245
62%
2246
62%
2247
62%
2248
62%
2249
62%
2250
62%
2251
62%
2252
62%
2253
62%
2254
62%
2255
62%
2256
62%
2257
62%
2258
62%
2259
62%
2260
62%
2261
62%
2262
62%
2263
62%
2264
62%
2265
62%
2266
62%
2267
62%
2268
62%
2269
62%
2270
62%
2271
62%
2272
62%
2273
62%
2274
62%
2275
62%
2276
62%
2277
62%
2278
62%
2279
62%
2280
62%
2281
62%
2282
62%
2283
62%
2284
62%
2285
62%
2286
62%
2287
62%
2288
62%
2289
62%
2290
62%
2291
62%
2292
62%
2293
62%
2294
62%
2295
62%
2296
62%
2297
62%
2298
62%
2299
62%
2300
62%
2301
62%
2302
62%
2303
62%
2304
62%
2305
62%
2306
62%
2307
62%
2308
62%
2309
61%
2310
61%
2311
61%
2312
61%
2313
61%
2314
61%
2315
61%
2316
61%
2317
61%
2318
61%
2319
61%
2320
61%
2321
61%
2322
61%
2323
61%
2324
61%
2325
61%
2326
61%
2327
61%
2328
61%
2329
61%
2330
61%
2331
61%
2332
61%
2333
61%
2334
61%
2335
61%
2336
61%
2337
61%
2338
61%
2339
61%
2340
61%
2341
61%
2342
61%
2343
61%
2344
61%
2345
61%
2346
61%
2347
61%
2348
61%
2349
61%
2350
61%
2351
61%
2352
61%
2353
61%
2354
61%
2355
61%
2356
61%
2357
61%
2358
61%
2359
61%
2360
61%
2361
61%
2362
61%
2363
61%
2364
61%
2365
61%
2366
61%
2367
61%
2368
61%
2369
61%
2370
61%
2371
61%
2372
61%
2373
61%
2374
61%
2375
61%
2376
61%
2377
61%
2378
61%
2379
61%
2380
61%
2381
61%
2382
61%
2383
61%
2384
61%
2385
61%
2386
61%
2387
61%
2388
61%
2389
61%
2390
61%
2391
61%
2392
61%
2393
61%
2394
61%
2395
61%
2396
61%
2397
61%
2398
61%
2399
61%
2400
61%
2401
61%
2402
61%
2403
61%
2404
61%
2405
61%
2406
61%
2407
61%
2408
61%
2409
61%
2410
61%
2411
61%
2412
61%
2413
61%
2414
61%
2415
61%
2416
61%
2417
61%
2418
61%
2419
61%
2420
61%
2421
61%
2422
61%
2423
61%
2424
61%
2425
61%
2426
61%
2427
61%
2428
61%
2429
61%
2430
61%
2431
61%
2432
61%
2433
61%
2434
61%
2435
61%
2436
61%
2437
61%
2438
61%
2439
61%
2440
61%
2441
61%
2442
61%
2443
61%
2444
61%
2445
61%
2446
61%
2447
61%
2448
61%
2449
61%
2450
61%
2451
61%
2452
61%
2453
61%
2454
61%
2455
61%
2456
61%
2457
61%
2458
61%
2459
61%
2460
61%
2461
61%
2462
61%
2463
61%
2464
61%
2465
61%
2466
61%
2467
61%
2468
61%
2469
61%
2470
61%
2471
61%
2472
61%
2473
61%
2474
61%
2475
61%
2476
61%
2477
61%
2478
61%
2479
61%
2480
61%
2481
61%
2482
61%
2483
61%
2484
61%
2485
61%
2486
61%
2487
61%
2488
61%
2489
61%
2490
61%
2491
61%
2492
61%
2493
61%
2494
61%
2495
61%
2496
61%
2497
61%
2498
61%
2532
61%
2533
61%
2534
61%
2535
61%
2536
61%
2537
61%
2538
61%
2539
61%
2540
61%
2541
61%
2542
61%
2543
61%
2545
61%
2546
61%
2547
61%
2549
61%
2550
61%
2551
61%
2552
61%
2553
61%
2554
61%
2555
61%
2556
61%
2557
61%
2558
61%
2559
61%
2560
61%
2561
61%
2562
61%
2563
61%
2564
61%
2565
61%
2566
61%
2567
61%
2568
61%
2569
61%
2570
61%
2571
61%
2572
61%
2573
61%
2574
61%
2575
61%
2576
61%
2577
61%
2578
61%
2579
61%
2580
61%
2581
61%
2582
61%
2583
61%
2584
61%
2585
61%
2586
61%
2587
61%
2588
61%
2589
61%
2590
61%
2591
61%
2592
61%
2499
60%
2500
60%
2501
60%
2502
60%
2503
60%
2504
60%
2505
60%
2506
60%
2507
60%
2508
60%
2509
60%
2510
60%
2511
60%
2512
60%
2513
60%
2514
60%
2515
60%
2516
60%
2517
60%
2518
60%
2519
60%
2520
60%
2521
60%
2522
60%
2523
60%
2524
60%
2525
60%
2526
60%
2527
60%
2528
60%
2529
60%
2530
60%
2531
60%
2544
60%
2548
60%
2593
60%
2594
60%
2595
60%
2596
60%
2597
60%
2598
60%
2599
60%
2600
60%
2601
60%
2602
60%
2603
60%
2604
60%
2605
60%
2606
60%
2607
60%
2608
60%
2609
60%
2610
60%
2611
60%
2612
60%
2613
60%
2614
60%
2615
60%
2616
60%
2617
60%
2618
60%
2619
60%
2620
60%
2621
60%
2622
60%
2623
60%
2624
60%
2625
60%
2626
60%
2627
60%
2628
60%
2629
60%
2630
60%
2631
60%
2632
60%
2633
60%
2634
60%
2635
60%
2636
60%
2637
59%
2638
59%
2639
59%
2640
59%
2641
59%
2642
59%
2643
59%
2644
59%
2645
59%
2646
59%
2647
59%
2648
59%
2649
59%
2650
59%
2651
59%
2652
59%
2653
59%
2654
59%
2655
59%
2656
59%
2657
59%
2658
59%
2659
59%
2660
59%
2661
59%
2662
59%
2663
59%
2664
59%
2665
59%
2666
59%
2667
59%
2668
59%
2669
59%
2670
59%
2671
59%
2672
59%
2673
59%
2674
59%
2675
59%
2676
59%
2677
59%
2678
59%
2679
59%
2680
59%
2681
59%
2682
59%
2683
59%
2684
59%
2685
59%
2686
59%
2687
59%
2688
59%
2689
59%
2690
59%
2691
59%
2692
59%
2693
59%
2694
59%
2695
59%
2696
59%
2697
59%
2698
59%
2699
59%
2700
59%
2701
59%
2702
59%
2703
59%
2704
59%
2705
59%
2706
59%
2707
59%
2708
59%
2709
59%
2710
59%
2711
59%
2712
59%
2713
59%
2714
59%
2715
59%
2716
59%
2717
59%
2718
59%
2719
59%
2720
59%
2721
59%
2722
59%
2723
59%
2724
59%
2725
59%
2726
59%
2727
59%
2728
59%
2729
59%
2730
59%
2731
59%
2732
59%
2733
59%
2734
59%
2735
59%
2736
59%
2737
59%
2738
59%
2739
59%
2740
59%
2741
59%
2742
59%
2743
59%
2744
59%
2745
59%
2746
59%
2747
59%
2748
59%
2749
59%
2750
59%
2751
59%
2752
59%
2753
59%
2754
59%
2755
59%
2756
59%
2757
59%
2758
59%
2759
59%
2760
59%
2761
59%
2762
59%
2763
59%
2764
59%
2765
59%
2766
59%
2767
59%
2768
59%
2769
59%
2770
59%
2771
59%
2772
59%
2773
59%
2774
59%
2775
59%
2776
59%
2777
59%
2778
59%
2779
59%
2780
59%
2781
59%
2782
59%
2783
59%
2784
59%
2785
59%
2786
59%
2787
59%
2788
59%
2789
59%
2790
59%
2791
59%
2792
59%
2793
59%
2794
59%
2795
59%
2796
59%
2797
59%
2798
59%
2799
59%
2800
59%
2801
59%
2802
59%
2803
59%
2804
59%
2805
59%
2806
59%
2807
59%
2808
59%
2809
59%
2810
59%
2811
59%
2812
59%
2813
59%
2814
59%
2815
59%
2816
59%
2817
59%
2818
59%
2819
59%
2820
59%
2821
59%
2822
59%
2823
59%
2824
59%
2825
59%
2826
59%
2827
59%
2828
59%
2829
59%
2830
59%
2831
59%
2832
59%
2833
59%
2834
59%
2835
59%
2836
59%
3045
59%
3046
59%
3047
59%
3048
59%
2837
58%
2838
58%
2839
58%
2840
58%
2841
58%
2842
58%
2843
58%
2844
58%
2845
58%
2846
58%
2847
58%
2848
58%
2849
58%
2850
58%
2851
58%
2852
58%
2853
58%
2854
58%
2855
58%
2856
58%
2857
58%
2858
58%
2859
58%
2860
58%
2861
58%
2862
58%
2863
58%
2864
58%
2865
58%
2866
58%
2867
58%
2868
58%
2869
58%
2870
58%
2871
58%
2872
58%
2873
58%
2874
58%
2875
58%
2876
58%
2877
58%
2878
58%
2879
58%
2880
58%
2881
58%
2882
58%
2883
58%
2884
58%
2885
58%
2886
58%
2887
58%
2888
58%
2889
58%
2890
58%
2891
58%
2892
58%
2893
58%
2894
58%
2895
58%
2896
58%
2897
58%
2898
58%
2899
58%
2900
58%
2901
58%
2902
58%
2903
58%
2904
58%
2905
58%
2906
58%
2907
58%
2908
58%
2909
58%
2910
58%
2911
58%
2912
58%
2913
58%
2914
58%
2915
58%
2916
58%
2917
58%
2918
58%
2919
58%
2920
58%
2921
58%
2922
58%
2923
58%
2924
58%
2925
58%
2926
58%
2927
58%
2928
58%
2929
58%
2930
58%
2931
58%
2932
58%
2933
58%
2934
58%
2935
58%
2936
58%
2937
58%
2938
58%
2939
58%
2940
58%
2941
58%
2942
58%
2943
58%
2944
58%
2945
58%
2946
58%
2947
58%
2948
58%
2949
58%
2950
58%
2951
58%
2952
58%
2953
58%
2954
58%
2955
58%
2956
58%
2957
58%
2958
58%
2959
58%
2960
58%
2961
58%
2962
58%
2963
58%
2964
58%
2965
58%
2966
58%
2967
58%
2968
58%
2969
58%
2970
58%
2971
58%
2972
58%
2973
58%
2974
58%
2975
58%
2976
58%
2977
58%
2978
58%
2979
58%
2980
58%
2981
58%
2982
58%
2983
58%
2984
58%
2985
58%
2986
58%
2987
58%
2988
58%
2989
58%
2990
58%
2991
58%
2992
58%
2993
58%
2994
58%
2995
58%
2996
58%
2997
58%
2998
58%
2999
58%
3000
58%
3001
58%
3002
58%
3003
58%
3004
58%
3005
58%
3006
58%
3007
58%
3008
58%
3009
58%
3010
58%
3011
58%
3012
58%
3013
58%
3014
58%
3015
58%
3016
58%
3017
58%
3018
58%
3019
58%
3020
58%
3021
58%
3022
58%
3023
58%
3024
58%
3025
58%
3026
58%
3027
58%
3028
58%
3029
58%
3030
58%
3031
58%
3032
58%
3033
58%
3034
58%
3035
58%
3036
58%
3037
58%
3038
58%
3039
58%
3040
58%
3041
58%
3042
58%
3043
58%
3044
58%
3049
58%
3050
58%
3051
58%
3052
58%
3053
58%
3054
58%
3055
58%
3056
58%
3057
58%
3058
58%
3059
58%
3060
58%
3061
58%
3062
58%
3063
58%
3064
58%
3065
58%
3066
58%
3067
58%
3068
58%
3069
58%
3070
58%
3071
58%
3072
58%
3073
58%
3074
58%
3075
58%
3076
58%
3077
58%
3078
58%
3079
58%
3080
58%
3081
58%
3082
58%
3083
58%
3084
58%
3085
58%
3086
58%
3087
57%
3088
57%
3089
57%
3090
57%
3091
57%
3092
57%
3093
57%
3094
57%
3095
57%
3096
57%
3097
57%
3098
57%
3099
57%
3100
57%
3101
57%
3102
57%
3103
57%
3104
57%
3105
57%
3106
57%
3107
57%
3108
57%
3109
57%
3110
57%
3111
57%
3112
57%
3113
57%
3114
57%
3115
57%
3116
57%
3117
57%
3118
57%
3119
57%
3120
57%
3121
57%
3122
57%
3123
57%
3124
57%
3125
57%
3126
57%
3127
57%
3128
57%
3129
57%
3130
57%
3131
57%
3132
57%
3133
57%
3134
57%
3135
57%
3136
57%
3137
57%
3138
57%
3139
57%
3140
57%
3141
57%
3142
57%
3143
57%
3144
57%
3145
57%
3146
57%
3147
57%
3148
57%
3149
57%
3150
57%
3151
57%
3152
57%
3153
57%
3154
57%
3155
57%
3156
57%
3157
57%
3158
57%
3159
57%
3160
57%
3161
57%
3162
57%
3163
57%
3164
57%
3165
57%
3166
57%
3167
57%
3168
57%
3169
57%
3170
57%
3171
57%
3172
57%
3173
57%
3174
57%
3175
57%
3176
57%
3177
57%
3178
57%
3179
57%
3180
57%
3181
57%
3182
57%
3183
57%
3184
57%
3185
57%
3186
57%
3187
57%
3188
57%
3189
57%
3190
57%
3191
57%
3192
57%
3193
57%
3194
57%
3195
57%
3196
57%
3197
57%
3198
57%
3199
57%
3200
57%
3201
57%
3202
57%
3203
57%
3204
57%
3205
57%
3206
57%
3207
57%
3208
57%
3209
57%
3210
57%
3211
57%
3212
57%
3213
57%
3214
57%
3215
57%
3216
57%
3217
57%
3218
57%
3219
57%
3220
57%
3221
57%
3222
57%
3223
57%
3224
57%
3225
57%
3226
57%
3227
57%
3228
57%
3229
57%
3230
57%
3231
57%
3232
57%
3233
57%
3234
57%
3235
57%
3236
57%
3237
57%
3238
57%
3239
57%
3240
57%
3241
57%
3242
57%
3243
57%
3244
57%
3245
57%
3246
57%
3247
57%
3248
57%
3249
57%
3250
57%
3251
57%
3252
57%
3253
57%
3254
57%
3255
57%
3256
57%
3257
57%
3259
57%
3260
57%
3261
57%
3262
57%
3263
57%
3264
57%
3265
57%
3266
57%
3267
57%
3268
57%
3269
57%
3270
57%
3271
57%
3272
57%
3273
57%
3274
57%
3275
57%
3276
57%
3277
57%
3278
57%
3279
57%
3280
57%
3281
57%
3282
57%
3283
57%
3284
57%
3285
57%
3286
57%
3287
57%
3288
57%
3289
57%
3290
57%
3291
57%
3292
57%
3293
57%
3294
57%
3295
57%
3296
57%
3297
57%
3298
57%
3299
57%
3300
57%
3301
57%
3302
57%
3303
57%
3304
57%
3305
57%
3306
57%
3307
57%
3308
57%
3309
57%
3310
57%
3311
57%
3312
57%
3313
57%
3314
57%
3315
57%
3316
57%
3317
57%
3318
57%
3319
57%
3320
57%
3321
57%
3322
57%
3323
57%
3324
57%
3325
57%
3326
57%
3327
57%
3328
57%
3329
57%
3330
57%
3331
57%
3332
57%
3333
57%
3334
57%
3335
57%
3336
57%
3337
57%
3338
57%
3339
57%
3340
57%
3341
57%
3342
57%
3343
57%
3344
57%
3345
57%
3346
57%
3347
57%
3348
57%
3349
57%
3350
57%
3351
57%
3352
57%
3353
57%
3354
57%
3355
57%
3356
57%
3357
57%
3358
57%
3359
57%
3360
57%
3361
57%
3362
57%
3363
57%
3364
57%
3365
57%
3366
57%
3367
57%
3368
57%
3369
57%
3370
57%
3371
57%
3372
57%
3373
57%
3374
57%
3375
57%
3376
57%
3377
57%
3378
57%
3379
57%
3380
57%
3381
57%
3382
57%
3383
57%
3384
57%
3385
57%
3386
57%
3387
57%
3388
57%
3389
57%
3390
57%
3391
57%
3392
57%
3393
57%
3394
57%
3395
57%
3396
57%
3397
57%
3398
57%
3399
57%
3400
57%
3401
57%
3402
57%
3403
57%
3404
57%
3405
57%
3406
57%
3407
57%
3408
57%
3409
57%
3411
57%
3412
57%
3413
57%
3414
57%
3415
57%
3416
57%
3417
57%
3418
57%
3419
57%
3420
57%
3421
57%
3422
57%
3423
57%
3424
57%
3425
57%
3426
57%
3427
57%
3428
57%
3429
57%
3430
57%
3431
57%
3432
57%
3433
57%
3434
57%
3435
57%
3436
57%
3437
57%
3438
57%
3439
57%
3440
57%
3258
56%
3410
56%
3441
56%
3442
56%
3443
56%
3444
56%
3445
56%
3446
56%
3447
56%
3511
56%
3512
56%
3513
56%
3514
56%
3515
56%
3516
56%
3517
56%
3518
56%
3519
56%
3520
56%
3521
56%
3522
56%
3523
56%
3524
56%
3525
56%
3526
56%
3448
55%
3449
55%
3450
55%
3451
55%
3452
55%
3453
55%
3454
55%
3455
55%
3456
55%
3457
55%
3458
55%
3459
55%
3460
55%
3461
55%
3462
55%
3463
55%
3464
55%
3465
55%
3466
55%
3467
55%
3468
55%
3469
55%
3470
55%
3471
55%
3472
55%
3473
55%
3474
55%
3475
55%
3476
55%
3477
55%
3478
55%
3479
55%
3480
55%
3481
55%
3482
55%
3483
55%
3484
55%
3485
55%
3486
55%
3487
55%
3488
55%
3489
55%
3490
55%
3491
55%
3492
55%
3493
55%
3494
55%
3495
55%
3496
55%
3497
55%
3498
55%
3499
55%
3500
55%
3501
55%
3502
55%
3503
55%
3504
55%
3505
55%
3506
55%
3507
55%
3508
55%
3509
55%
3510
55%
3527
55%
3528
55%
3529
55%
3530
55%
3531
55%
3532
55%
3533
55%
3534
55%
3535
55%
3536
55%
3537
55%
3538
55%
3539
55%
3540
55%
3541
55%
3542
55%
3543
55%
3544
55%
3545
55%
3546
55%
3547
55%
3548
55%
3549
55%
3550
55%
3551
55%
3552
55%
3553
55%
3554
55%
3555
55%
3556
55%
3557
55%
3558
55%
3559
55%
3560
55%
3561
55%
3562
55%
3563
55%
3564
55%
3565
55%
3566
55%
3567
55%
3568
55%
3569
55%
3570
55%
3571
55%
3572
55%
3573
55%
3574
55%
3575
55%
3576
55%
3577
55%
3578
55%
3579
55%
3580
55%
3581
55%
3582
55%
3583
55%
3584
55%
3585
54%
3586
54%
3587
54%
3588
54%
3589
54%
3590
54%
3591
54%
3592
54%
3593
54%
3594
54%
3595
54%
3596
54%
3597
54%
3598
54%
3599
54%
3600
54%
3601
54%
3602
54%
3603
54%
3604
54%
3605
54%
3606
54%
3607
54%
3608
54%
3609
54%
3610
54%
3611
54%
3612
54%
3613
54%
3614
54%
3615
54%
3616
54%
3617
54%
3618
54%
3619
54%
3620
54%
3621
54%
3622
54%
3623
54%
3624
54%
3625
54%
3626
54%
3627
54%
3628
54%
3629
54%
3630
54%
3631
54%
3632
54%
3633
54%
3634
54%
3635
54%
3636
54%
3637
54%
3638
54%
3639
54%
3640
54%
3641
54%
3642
54%
3643
54%
3644
54%
3645
54%
3646
54%
3647
54%
3648
54%
3649
54%
3650
54%
3651
54%
3652
54%
3653
54%
3654
54%
3655
54%
3656
54%
3657
54%
3658
54%
3659
54%
3660
54%
3661
54%
3662
54%
3663
54%
3664
54%
3665
54%
3666
54%
3667
54%
3668
54%
3669
54%
3670
54%
3671
54%
3672
54%
3673
54%
3674
54%
3675
54%
3676
54%
3677
54%
3678
54%
3679
54%
3680
54%
3681
54%
3682
54%
3683
54%
3684
54%
3685
54%
3686
54%
3687
54%
3688
54%
3689
54%
3690
54%
3691
54%
3692
54%
3693
54%
3694
54%
3695
54%
3696
54%
3697
54%
3698
54%
3699
54%
3700
54%
3701
54%
3702
54%
3703
54%
3704
54%
3705
54%
3706
54%
3707
54%
3708
54%
3709
54%
3710
54%
3711
54%
3712
54%
3713
54%
3714
54%
3715
54%
3716
54%
3717
54%
3718
54%
3719
54%
3720
54%
3721
54%
3722
54%
3723
54%
3724
54%
3725
54%
3726
54%
3727
54%
3728
54%
3729
54%
3730
54%
3731
54%
3732
54%
3733
54%
3734
54%
3735
54%
3736
54%
3737
53%
3738
53%
3739
53%
3740
53%
3741
53%
3742
53%
3743
53%
3744
53%
3745
53%
3746
53%
3747
53%
3748
53%
3749
53%
3750
53%
3751
53%
3752
53%
3753
53%
3754
53%
3755
53%
3756
53%
3757
53%
3758
53%
3759
53%
3760
53%
3761
53%
3762
53%
3763
53%
3764
53%
3765
53%
3766
53%
3767
53%
3768
53%
3769
53%
3770
53%
3771
53%
3772
53%
3773
53%
3774
53%
3775
53%
3776
53%
3777
53%
3778
53%
3779
53%
3780
53%
3781
53%
3782
53%
3783
53%
3784
53%
3785
53%
3786
53%
3787
53%
3788
53%
3789
53%
3790
53%
3791
53%
3792
53%
3793
53%
3794
53%
3795
53%
3796
53%
3797
53%
3798
53%
3799
53%
3800
53%
3801
53%
3802
53%
3803
53%
3804
53%
3805
53%
3806
53%
3807
53%
3808
53%
3809
53%
3810
53%
3811
53%
3812
53%
3813
53%
3814
53%
3815
53%
3816
53%
3817
53%
3818
53%
3819
53%
3820
53%
3821
53%
3822
53%
3823
53%
3824
53%
3825
53%
3826
53%
3827
53%
3828
53%
3829
53%
3830
53%
3831
53%
3832
53%
3833
53%
3834
53%
3835
53%
3836
53%
3837
53%
3838
53%
3839
53%
3840
53%
3841
53%
3842
53%
3843
53%
3844
53%
3845
53%
3846
53%
3847
53%
3848
53%
3849
53%
3850
53%
3851
53%
3852
53%
3853
53%
3854
53%
3855
53%
3856
53%
3857
53%
3858
53%
3859
53%
3860
53%
3861
53%
3862
53%
3863
53%
3864
53%
3865
53%
3866
53%
3867
53%
3868
53%
3869
53%
3870
53%
3871
53%
3872
53%
3873
53%
3874
53%
3875
53%
3876
53%
3877
53%
3878
53%
3879
53%
3880
53%
3881
53%
3882
53%
3883
53%
3884
53%
3885
53%
3886
53%
3887
53%
3888
53%
3889
53%
3890
53%
3891
53%
3892
53%
3893
53%
3894
53%
3895
53%
3896
53%
3897
53%
3898
53%
3899
53%
3900
53%
3901
53%
3902
53%
3903
53%
3904
53%
3905
53%
3906
53%
3907
53%
3908
53%
3909
53%
3910
53%
3911
53%
3912
53%
3913
53%
3914
53%
3915
53%
3916
53%
3917
53%
3918
53%
3919
53%
3920
53%
3921
53%
3922
53%
3923
53%
3924
53%
3925
53%
3926
53%
3927
53%
3928
53%
3929
53%
3930
53%
3931
53%
3932
53%
3933
53%
3934
53%
3935
53%
3936
53%
3937
53%
3938
53%
3939
53%
3940
53%
3941
53%
3942
53%
3943
53%
3944
53%
3945
53%
3946
53%
3947
53%
3948
53%
3949
53%
3950
53%
3951
53%
3952
53%
3953
53%
3954
53%
3955
53%
3956
53%
3957
53%
3958
53%
3959
53%
3960
53%
3961
53%
3962
53%
3963
53%
3964
53%
3965
53%
3966
53%
3967
53%
3968
53%
3969
53%
3970
53%
3971
53%
3972
53%
3973
53%
3974
53%
3975
53%
3976
53%
3977
53%
3978
53%
3979
53%
3980
53%
3981
53%
3982
53%
3983
53%
3984
53%
3985
53%
3986
53%
3987
53%
3988
53%
3989
53%
3990
53%
3991
53%
3992
53%
3993
53%
3994
52%
3995
52%
3996
52%
3997
52%
3998
52%
3999
52%
4000
52%
4001
52%
4002
52%
4003
52%
4004
52%
4005
52%
4006
52%
4007
52%
4008
52%
4009
52%
4010
52%
4011
52%
4012
52%
4013
52%
4014
52%
4015
52%
4016
52%
4017
52%
4018
52%
4019
52%
4020
52%
4021
52%
4022
52%
4023
52%
4024
52%
4025
52%
4026
52%
4027
52%
4028
52%
4029
52%
4030
52%
4031
52%
4032
52%
4033
52%
4034
52%
4035
52%
4036
52%
4037
52%
4038
52%
4039
52%
4040
52%
4041
52%
4042
52%
4043
52%
4044
52%
4045
52%
4046
52%
4047
52%
4048
52%
4049
52%
4050
52%
4051
52%
4052
52%
4053
52%
4054
52%
4055
52%
4056
52%
4057
52%
4058
52%
4059
52%
4060
52%
4061
52%
4062
52%
4063
52%
4064
52%
4065
52%
4066
52%
4067
52%
4068
52%
4069
52%
4070
52%
4071
52%
4072
52%
4073
52%
4074
52%
4075
52%
4076
52%
4077
52%
4078
52%
4079
52%
4080
52%
4081
52%
4082
52%
4083
52%
4084
52%
4085
52%
4086
52%
4087
52%
4088
52%
4089
52%
4090
52%
4091
52%
4092
52%
4093
52%
4094
52%
4095
52%
4096
52%
4097
52%
4098
52%
4105
52%
4106
52%
4107
52%
4108
52%
4109
52%
4110
52%
4111
52%
4112
52%
4113
52%
4114
52%
4115
52%
4116
52%
4117
52%
4118
52%
4119
52%
4120
52%
4121
52%
4122
52%
4123
52%
4124
52%
4125
52%
4126
52%
4127
52%
4128
52%
4129
52%
4130
52%
4131
52%
4132
52%
4133
52%
4134
52%
4135
52%
4136
52%
4137
52%
4138
52%
4139
52%
4140
52%
4141
52%
4142
52%
4143
52%
4144
52%
4145
52%
4146
52%
4147
52%
4148
52%
4149
52%
4150
52%
4151
52%
4152
52%
4153
52%
4154
52%
4155
52%
4156
52%
4157
52%
4158
52%
4159
52%
4160
52%
4161
52%
4162
52%
4163
52%
4164
52%
4165
52%
4166
52%
4167
52%
4168
52%
4169
52%
4170
52%
4171
52%
4172
52%
4173
52%
4174
52%
4175
52%
4176
52%
4177
52%
4178
52%
4179
52%
4180
52%
4181
52%
4182
52%
4183
52%
4184
52%
4185
52%
4186
52%
4187
52%
4188
52%
4189
52%
4190
52%
4191
52%
4192
52%
4193
52%
4194
52%
4195
52%
4196
52%
4197
52%
4198
52%
4199
52%
4200
52%
4201
52%
4202
52%
4203
52%
4204
52%
4205
52%
4206
52%
4207
52%
4208
52%
4209
52%
4210
52%
4211
52%
4212
52%
4213
52%
4214
52%
4215
52%
4216
52%
4217
52%
4218
52%
4219
52%
4220
52%
4221
52%
4222
52%
4223
52%
4224
52%
4225
52%
4226
52%
4227
52%
4228
52%
4229
52%
4230
52%
4231
52%
4232
52%
4233
52%
4234
52%
4235
52%
4236
52%
4237
52%
4238
52%
4239
52%
4240
52%
4241
52%
4242
52%
4243
52%
4244
52%
4245
52%
4246
52%
4247
52%
4248
52%
4249
52%
4250
52%
4251
52%
4252
52%
4253
52%
4254
52%
4255
52%
4256
52%
4257
52%
4258
52%
4259
52%
4260
52%
4261
52%
4262
52%
4263
52%
4264
52%
4265
52%
4266
52%
4267
52%
4268
52%
4269
52%
4270
52%
4271
52%
4272
52%
4273
52%
4274
52%
4275
52%
4276
52%
4277
52%
4278
52%
4279
52%
4280
52%
4281
52%
4282
52%
4283
52%
4284
52%
4285
52%
4286
52%
4287
52%
4288
52%
4289
52%
4290
52%
4291
52%
4292
52%
4293
52%
4294
52%
4295
52%
4296
52%
4297
52%
4298
52%
4299
52%
4300
52%
4301
52%
4302
52%
4303
52%
4304
52%
4305
52%
4306
52%
4307
52%
4308
52%
4309
52%
4310
52%
4311
52%
4312
52%
4313
52%
4314
52%
4315
52%
4316
52%
4317
52%
4318
52%
4319
52%
4320
52%
4321
52%
4322
52%
4323
52%
4324
52%
4325
52%
4326
52%
4327
52%
4328
52%
4329
52%
4330
52%
4331
52%
4332
52%
4333
52%
4334
52%
4335
52%
4336
52%
4337
52%
4338
52%
4339
52%
4340
52%
4341
52%
4342
52%
4099
51%
4100
51%
4101
51%
4102
51%
4103
51%
4104
51%
4343
51%
4344
51%
4345
51%
4346
51%
4347
51%
4348
51%
4349
51%
4350
51%
4351
51%
4352
51%
4353
51%
4354
51%
4355
51%
4356
51%
4357
51%
4358
51%
4359
51%
4360
51%
4361
51%
4362
51%
4363
51%
4364
51%
4365
51%
4366
51%
4367
51%
4368
51%
4369
51%
4370
51%
4371
51%
4372
51%
4373
51%
4374
51%
4375
51%
4376
51%
4377
51%
4378
51%
4379
51%
4380
51%
4381
51%
4382
51%
4383
51%
4384
51%
4385
51%
4386
51%
4387
51%
4388
51%
4389
51%
4390
51%
4391
51%
4392
51%
4393
51%
4394
51%
4395
51%
4396
51%
4397
51%
4398
51%
4399
51%
4400
51%
4401
51%
4402
51%
4403
51%
4404
51%
4405
51%
4406
51%
4407
51%
4408
51%
4409
51%
4410
51%
4411
51%
4412
51%
4413
51%
4414
51%
4415
51%
4416
51%
4417
51%
4418
51%
4419
51%
4420
51%
4421
51%
4422
51%
4423
51%
4424
51%
4425
51%
4426
51%
4427
51%
4428
51%
4429
51%
4430
51%
4431
51%
4432
51%
4433
51%
4434
51%
4435
51%
4436
51%
4437
51%
4438
51%
4439
51%
4440
51%
4441
51%
4442
51%
4443
51%
4444
51%
4445
51%
4446
51%
4447
51%
4448
51%
4449
51%
4450
51%
4451
51%
4452
51%
4453
51%
4454
51%
4455
51%
4456
51%
4457
51%
4458
51%
4459
51%
4460
51%
4461
51%
4462
51%
4463
51%
4464
51%
4465
51%
4466
51%
4467
51%
4468
51%
4469
51%
4470
51%
4471
51%
4472
51%
4473
51%
4474
51%
4475
51%
4476
51%
4477
51%
4478
51%
4479
51%
4480
51%
4481
51%
4482
51%
4483
51%
4484
51%
4485
51%
4486
51%
4487
51%
4488
51%
4489
51%
4490
51%
4491
51%
4492
51%
4493
51%
4494
51%
4495
51%
4496
51%
4497
51%
4498
51%
4499
51%
4500
51%
4501
51%
4502
51%
4503
51%
4504
51%
4505
51%
4506
51%
4507
51%
4508
51%
4509
51%
4510
51%
4511
51%
4512
51%
4513
51%
4514
51%
4515
51%
4516
51%
4517
51%
4518
51%
4519
51%
4520
51%
4521
51%
4522
51%
4523
51%
4524
51%
4525
51%
4526
51%
4527
51%
4528
51%
4529
51%
4530
51%
4531
51%
4532
51%
4533
51%
4534
51%
4535
51%
4536
51%
4537
51%
4538
51%
4539
51%
4540
51%
4541
51%
4542
51%
4543
51%
4544
51%
4545
51%
4546
51%
4547
51%
4548
51%
4549
51%
4550
51%
4551
51%
4552
51%
4553
51%
4554
51%
4555
51%
4556
51%
4557
51%
4558
51%
4559
51%
4560
51%
4561
51%
4562
51%
4563
51%
4564
51%
4565
51%
4566
51%
4567
51%
4568
51%
4569
51%
4570
51%
4571
51%
4572
51%
4573
51%
4574
51%
4575
51%
4576
51%
4577
51%
4578
51%
4579
51%
4580
51%
4581
51%
4582
51%
4583
51%
4584
51%
4585
51%
4586
51%
4587
51%
4588
51%
4589
51%
4590
51%
4591
51%
4592
51%
4593
51%
4594
51%
4595
51%
4596
51%
4597
51%
4598
51%
4599
51%
4600
51%
4601
51%
4602
51%
4603
51%
4604
51%
4605
51%
4606
51%
4607
51%
4608
51%
4609
51%
4610
51%
4611
51%
4612
51%
4613
51%
4614
51%
4615
51%
4616
51%
4617
51%
4618
51%
4998
51%
4999
51%
5000
51%
4619
50%
4620
50%
4621
50%
4622
50%
4623
50%
4624
50%
4625
50%
4626
50%
4627
50%
4628
50%
4629
50%
4630
50%
4631
50%
4632
50%
4633
50%
4634
50%
4635
50%
4636
50%
4637
50%
4638
50%
4639
50%
4640
50%
4641
50%
4642
50%
4643
50%
4644
50%
4645
50%
4646
50%
4647
50%
4648
50%
4649
50%
4650
50%
4651
50%
4652
50%
4653
50%
4654
50%
4655
50%
4656
50%
4657
50%
4658
50%
4659
50%
4660
50%
4661
50%
4662
50%
4663
50%
4664
50%
4665
50%
4666
50%
4667
50%
4668
50%
4669
50%
4670
50%
4671
50%
4672
50%
4673
50%
4674
50%
4675
50%
4676
50%
4677
50%
4678
50%
4679
50%
4680
50%
4681
50%
4682
50%
4683
50%
4684
50%
4685
50%
4686
50%
4687
50%
4688
50%
4689
50%
4690
50%
4691
50%
4692
50%
4693
50%
4694
50%
4695
50%
4696
50%
4697
50%
4698
50%
4699
50%
4700
50%
4701
50%
4702
50%
4703
50%
4704
50%
4705
50%
4706
50%
4707
50%
4708
50%
4709
50%
4710
50%
4711
50%
4712
50%
4713
50%
4714
50%
4715
50%
4716
50%
4717
50%
4718
50%
4719
50%
4720
50%
4721
50%
4722
50%
4723
50%
4724
50%
4725
50%
4726
50%
4727
50%
4728
50%
4729
50%
4730
50%
4731
50%
4732
50%
4733
50%
4734
50%
4735
50%
4736
50%
4737
50%
4738
50%
4739
50%
4740
50%
4741
50%
4742
50%
4743
50%
4744
50%
4745
50%
4746
50%
4747
50%
4748
50%
4749
50%
4750
50%
4751
50%
4752
50%
4753
50%
4754
50%
4755
50%
4756
50%
4757
50%
4758
50%
4759
50%
4760
50%
4761
50%
4762
50%
4763
50%
4764
50%
4765
50%
4766
50%
4767
50%
4768
50%
4769
50%
4770
50%
4771
50%
4772
50%
4773
50%
4774
50%
4775
50%
4776
50%
4777
50%
4778
50%
4779
50%
4780
50%
4781
50%
4782
50%
4783
50%
4784
50%
4785
50%
4786
50%
4787
50%
4788
50%
4789
50%
4790
50%
4791
50%
4792
50%
4793
50%
4794
50%
4795
50%
4796
50%
4797
50%
4798
50%
4801
50%
4802
50%
4803
50%
4804
50%
4805
50%
4806
50%
4807
50%
4808
50%
4809
50%
4810
50%
4811
50%
4812
50%
4813
50%
4814
50%
4815
50%
4816
50%
4817
50%
4818
50%
4819
50%
4820
50%
4821
50%
4822
50%
4823
50%
4824
50%
4825
50%
4826
50%
4827
50%
4828
50%
4829
50%
4830
50%
4831
50%
4832
50%
4833
50%
4834
50%
4835
50%
4836
50%
4837
50%
4838
50%
4839
50%
4840
50%
4841
50%
4842
50%
4843
50%
4844
50%
4845
50%
4846
50%
4847
50%
4848
50%
4849
50%
4850
50%
4851
50%
4852
50%
4853
50%
4854
50%
4855
50%
4856
50%
4857
50%
4858
50%
4859
50%
4860
50%
4861
50%
4862
50%
4863
50%
4864
50%
4865
50%
4866
50%
4867
50%
4868
50%
4869
50%
4870
50%
4871
50%
4872
50%
4873
50%
4874
50%
4875
50%
4876
50%
4877
50%
4878
50%
4879
50%
4880
50%
4881
50%
4882
50%
4883
50%
4884
50%
4885
50%
4886
50%
4977
50%
4978
50%
4979
50%
4980
50%
4981
50%
4982
50%
4983
50%
4984
50%
4985
50%
4986
50%
4987
50%
4988
50%
4989
50%
4990
50%
4991
50%
4992
50%
4993
50%
4994
50%
4995
50%
4996
50%
4997
50%
4799
49%
4800
49%
4887
49%
4888
49%
4889
49%
4890
49%
4891
49%
4892
49%
4893
49%
4894
49%
4895
49%
4896
49%
4897
49%
4898
49%
4899
49%
4900
49%
4901
49%
4902
49%
4903
49%
4904
49%
4905
49%
4906
49%
4907
49%
4908
49%
4909
49%
4910
49%
4911
49%
4912
49%
4913
49%
4914
49%
4915
49%
4916
49%
4917
49%
4918
49%
4919
49%
4920
49%
4921
49%
4922
49%
4923
49%
4924
49%
4925
49%
4926
49%
4927
49%
4928
49%
4929
49%
4930
49%
4931
49%
4932
49%
4933
49%
4934
49%
4935
49%
4936
49%
4937
49%
4938
49%
4939
49%
4940
49%
4941
49%
4942
49%
4943
49%
4944
49%
4945
49%
4946
49%
4947
49%
4948
49%
4949
49%
4950
49%
4951
49%
4952
49%
4953
49%
4954
49%
4955
49%
4956
49%
4957
49%
4958
49%
4959
49%
4960
49%
4961
49%
4962
49%
4963
49%
4964
49%
4965
49%
4966
49%
4967
49%
4968
49%
4969
49%
4970
49%
4971
49%
4972
49%
4973
49%
4974
49%
4975
49%
4976
49%

Score Distribution

Percentile by Number Answered

Percent of People with Each Score

Your Score History

You have not taken this quiz